000 00641nam a2200133Ia 4500
008 220615s9999||||xx |||||||||||||| ||und||
022 _a16648714
100 _aH. Christian Reinhardt||Marcel van Vugt
245 0 _aCancer-associated defects in the DNA damage response: drivers for malignant transformation and potential therapeutic targets
546 _aEnglish[eng]
650 _acheckpoint||Ubiquitin||cancer therapy||Cell Cycle||DNA Repair||DNA Damage||Cancer
856 _uhttp://journal.frontiersin.org/researchtopic/2492/cancer-associated-defects-in-the-dna-damage-response-drivers-for-malignant-transformation-and-potent
942 _cEB
999 _c8119
_d8119